| 000 | 01443cam a2200385 4500 | ||
|---|---|---|---|
| 001 | data | ||
| 005 | 20260322212114.0 | ||
| 008 | data | ||
| 035 | _a2174604 | ||
| 906 |
_a7 _bcbc _corignew _du _encip _f19 _gy-gencatlg |
||
| 010 | _a 68009411 | ||
| 035 | _9(DLC) 68009411 | ||
| 040 |
_aDLC _cDLC _dDLC |
||
| 041 | 1 |
_aeng _hfre |
|
| 042 | _alcac | ||
| 050 | 0 | 0 |
_aPZ10.3.B76695 _bFam |
| 082 | 0 | 0 | _a[Fic] |
| 100 | 1 | _aBrun, Noëlle. | |
| 240 | 1 | 0 |
_aAnimaux célèbres de l'histoire et de la légende. _lEnglish |
| 245 | 1 | 0 |
_aFamous animals in history and legend. _cIllustrated by Lise Marin [and others] |
| 260 |
_aNew York, _bLion Press _cc1968. |
||
| 300 |
_a63 p. _bcol. illus. _c34 cm. |
||
| 336 |
_atext _btxt _2rdacontent |
||
| 337 |
_aunmediated _bn _2rdamedia |
||
| 338 |
_avolume _bnc _2rdacarrier |
||
| 500 | _aTranslation of Animaux célèbres de l'histoire et de la légende. | ||
| 520 | _aThirty-one stories of famous animals in history, mythology, folklore, literature, and religion. | ||
| 650 | 0 |
_aAnimals _vJuvenile fiction. |
|
| 650 | 1 |
_aAnimals _vFiction. |
|
| 655 | 7 |
_aFiction. _2lcgft _0https://id.loc.gov/authorities/genreForms/gf2014026339 |
|
| 655 | 7 |
_aFiction. _2lcgft _0https://id.loc.gov/authorities/genreForms/gf2014026339 |
|
| 700 | 1 |
_aMarin, Lise, _eillus. |
|
| 991 |
_bc-GenColl _hPZ10.3.B76695 _iFam _p00025560607 _tCopy 1 _wBOOKS |
||
| 999 |
_c1723 _d1723 |
||